Quantitative Analysis

Bibliographic Details
Main Authors: Day, Jr R. A, Underwood, A. L.
Format: Section = Libro
Language:Undetermined
Spanish
Published: New Jersey Prentice Hall 1967
Edition:2a.ed.
Subjects:
LEADER 00525nam a2200205Ia 4500
008 240830s9999 xx 000 0 und d
040 |a CEDOC FIQ-RUSB / 543 D273 
041 |a spa 
082 |a 543 D273 
100 1 |a Day, Jr R. A 
100 1 |b Underwood, A. L.  
245 1 0 |a Quantitative Analysis 
250 |a 2a.ed. 
260 |a New Jersey  |b Prentice Hall  |c 1967 
300 |a 482 p.: il. 
650 7 |a QUÍMICA ANALíTICA 
650 7 |b  EQUILIBRIOS OXIDACIÓN-REDUCCIÓN 
942 |c BK  |2 ddc 
991 |a TEXTO 
999 |c 13718